000 00420nam a2200157Ia 4500
005 20240807062339.0
008 240806s9999||||xx |||||||||||||| ||eng||
041 _aeng
082 _a891.434009
_bDESS
100 _aBapurao Dhondu Desai
245 0 _aSwatantrayotar hindi vyangya nibandh avam nibandhkar /
_cBapurao Dhondu Desai
260 _bChintan Prakashan Kanpur
300 _a0
650 _aHindi
942 _cBK
999 _c16209
_d16209